000 00323 a2200133 4500
005 20250702082718.0
020 _a978-0-00-810589-1
082 _a823.92 TRE
100 _aTREMAYNE, S. K.
245 _aJust Before I Diad.
260 _aLondon,
_bHarper Collins Publishers,
_c2018.
300 _a376.:
_c25cm
942 _2ddc
_cBKS
999 _c6568
_d6568